Guide to Greece
Saved in:
| Hovedforfatter: | |
|---|---|
| Format: | Bog |
| Sprog: | engelsk |
| Udgivet: |
Londres
Penguin Books
1971
|
| Fag: | |
| Tags: |
Tilføj Tag
Ingen Tags, Vær først til at tagge denne postø!
|
MARC
| LEADER | 00000nam a2200000 a 4500 | ||
|---|---|---|---|
| 001 | UCZ3404 | ||
| 003 | CL-VaPUC | ||
| 008 | 951020e19710000UK |||||||||||||||||eng|d | ||
| 082 | 0 | 4 | |a 938 |b PAU |2 21 |
| 100 | |a Pausanias |e author |9 347182 | ||
| 245 | 1 | 0 | |a Guide to Greece |
| 300 | |a 532 p | ||
| 942 | |c BK | ||
| 945 | |d 19951020 00:00:00 |a cmena | ||
| 260 | |a Londres |b Penguin Books |c 1971 | ||
| 650 | 7 | |a GUIAS |2 CL-VaPUC |9 347183 | |
| 650 | 0 | |a Guías de viajes |9 347184 | |
| 651 | 0 | |a Grecia |9 265314 | |
| 583 | |a last modification |c 20130320 10:12:12 |k Rodrigo Vera | ||
| 999 | |c 239884 |d 239882 | ||
| 952 | |0 0 |1 0 |4 0 |6 938_000000000000000_PAU_1971 |7 0 |8 P |9 251345 |a BIBEDU |b BIBEDU |c BIBEDU_PB |d 2019-11-18 |i 1587552 |o 938 PAU 1971 |p 1587552 |r 2024-01-25 |w 2019-11-18 |y BK |k FIL | ||